<?xml version="1.0" encoding="UTF-8"?><?xml-stylesheet type="text/xsl" href="static/style.xsl"?><OAI-PMH xmlns="http://www.openarchives.org/OAI/2.0/" xmlns:xsi="http://www.w3.org/2001/XMLSchema-instance" xsi:schemaLocation="http://www.openarchives.org/OAI/2.0/ http://www.openarchives.org/OAI/2.0/OAI-PMH.xsd"><responseDate>2026-04-27T15:22:53Z</responseDate><request verb="GetRecord" identifier="oai:riubu.ubu.es:10259/10321" metadataPrefix="marc">https://riubu.ubu.es/oai/request</request><GetRecord><record><header><identifier>oai:riubu.ubu.es:10259/10321</identifier><datestamp>2025-05-28T22:42:09Z</datestamp><setSpec>com_10259.4_2557</setSpec><setSpec>com_10259_5086</setSpec><setSpec>com_10259_2604</setSpec><setSpec>col_10259.4_2558</setSpec></header><metadata><record xmlns="http://www.loc.gov/MARC21/slim" xmlns:doc="http://www.lyncode.com/xoai" xmlns:xsi="http://www.w3.org/2001/XMLSchema-instance" xmlns:dcterms="http://purl.org/dc/terms/" xsi:schemaLocation="http://www.loc.gov/MARC21/slim http://www.loc.gov/standards/marcxml/schema/MARC21slim.xsd">
<leader>00925njm 22002777a 4500</leader>
<datafield tag="042" ind1=" " ind2=" ">
<subfield code="a">dc</subfield>
</datafield>
<datafield tag="720" ind1=" " ind2=" ">
<subfield code="a">Castro-Alvaredo, Olalla A.</subfield>
<subfield code="e">author</subfield>
</datafield>
<datafield tag="720" ind1=" " ind2=" ">
<subfield code="a">Santamaría Sanz, Lucía</subfield>
<subfield code="e">author</subfield>
</datafield>
<datafield tag="260" ind1=" " ind2=" ">
<subfield code="c">2024-05</subfield>
</datafield>
<datafield tag="520" ind1=" " ind2=" ">
<subfield code="a">In this short review, we present the key definitions, ideas and techniques involved in the study of symmetry resolved entanglement measures, with a focus on the symmetry resolved entanglement entropy. In order to be able to define such entanglement measures, it is essential that the theory under study possess an internal symmetry. Then, symmetry-resolved entanglement measures quantify the contribution to a particular entanglement measure that can be associated to a chosen symmetry sector. Our review focuses on conformal (gapless/massless/critical) and integrable (gapped/massive) quantum field theories, where the leading computational technique employs symmetry fields known as (composite) branch point twist fields.</subfield>
</datafield>
<datafield tag="024" ind2=" " ind1="8">
<subfield code="a">0217-9849</subfield>
</datafield>
<datafield tag="024" ind2=" " ind1="8">
<subfield code="a">http://hdl.handle.net/10259/10321</subfield>
</datafield>
<datafield tag="024" ind2=" " ind1="8">
<subfield code="a">10.1142/S0217984924300023</subfield>
</datafield>
<datafield tag="024" ind2=" " ind1="8">
<subfield code="a">1793-6640</subfield>
</datafield>
<datafield ind1=" " ind2=" " tag="653">
<subfield code="a">Symmetry resolved entanglement measures</subfield>
</datafield>
<datafield ind1=" " ind2=" " tag="653">
<subfield code="a">Entanglement entropy</subfield>
</datafield>
<datafield ind1=" " ind2=" " tag="653">
<subfield code="a">Quantum field theory</subfield>
</datafield>
<datafield ind1=" " ind2=" " tag="653">
<subfield code="a">Twist fields</subfield>
</datafield>
<datafield ind1=" " ind2=" " tag="653">
<subfield code="a">Integrability</subfield>
</datafield>
<datafield tag="245" ind1="0" ind2="0">
<subfield code="a">Symmetry-resolved measures in quantum field theory: A short review</subfield>
</datafield>
</record></metadata></record></GetRecord></OAI-PMH>